[Event "4NCL 3 South pool A"]
[Site "Daventry, ENG"]
[Date "2019.02.09"]
[Round "5.22"]
[White "Onley, David E"]
[Black "Pickard, Charles"]
[Result "0-1"]
[WhiteElo "2100"]
[BlackElo "2148"]
[PlyCount "112"]
[EventDate "2019.02.09"]
[WhiteTeam "Check Innmates 1"]
[BlackTeam "Leeds University Old Boys"]

1. e4 c5 2. Nf3 e6 3. d4 cxd4 4. Nxd4 a6 5. Nc3 Qc7 6. g3 Nf6 7. Bg2 d6 8. O-O
Be7 9. a4 Nc6 10. Nxc6 bxc6 11. a5 Rb8 12. Be3 Rxb2 13. Bb6 Rxb6 14. axb6 Qxb6
15. Rb1 Qc7 16. Na4 Nd7 17. Qd4 Bf6 18. Qb4 a5 19. Qd2 O-O 20. Rfd1 d5 21. f4
Be7 22. c4 dxc4 23. Qd4 e5 24. Qe3 Ba6 25. Bh3 Nc5 26. Nxc5 Qa7 27. Kh1 Qxc5
28. Qxc5 Bxc5 29. Rbc1 exf4 30. Bf1 Ba3 31. Rc2 fxg3 32. hxg3 Bb5 33. Rd7 c5
34. Rd6 Rb8 35. Bxc4 Bxc4 36. Rxc4 f6 37. Ra6 Bb4 38. Ra7 h6 39. Kg2 Kh7 40.
Kf3 Rd8 41. Ke3 Rd1 42. Ke2 Rd6 43. Ke3 h5 44. Kf4 Rd3 45. Rc2 Kg6 46. g4 h4
47. g5 fxg5+ 48. Ke5 Rf3 49. Kd5 g4 50. e5 g3 51. Rc4 Rd3+ 52. Ke4 Rd4+ 53.
Rxd4 cxd4 54. Kf3 d3 55. Rd7 d2 56. Rd4 Kf5 0-1

[Event "4NCL 3 South pool A"]
[Site "Daventry, ENG"]
[Date "2019.02.09"]
[Round "5.23"]
[White "Mossong, Hubert"]
[Black "Richmond, Peter"]
[Result "1/2-1/2"]
[WhiteElo "2062"]
[BlackElo "2083"]
[PlyCount "74"]
[EventDate "2019.02.09"]
[WhiteTeam "Leeds University Old Boys"]
[BlackTeam "Check Innmates 1"]

1. e4 c6 2. d4 d5 3. e5 Bf5 4. Nc3 h5 5. Bd3 Bxd3 6. Qxd3 e6 7. Nf3 Ne7 8. Nd1
Nf5 9. c3 Nd7 10. Bg5 Be7 11. Qd2 Bxg5 12. Nxg5 c5 13. Nf3 cxd4 14. cxd4 Rc8
15. O-O Nb6 16. b3 g6 17. Ne3 Nxe3 18. Qxe3 Kf8 19. Rac1 Kg7 20. Qd2 Qe7 21.
Qa5 Rxc1 22. Rxc1 Rc8 23. Rc5 Rxc5 24. Qxc5 Qxc5 25. dxc5 Nd7 26. b4 a6 27. Kf1
f6 28. exf6+ Kxf6 29. Ke2 e5 30. Nd2 a5 31. a3 axb4 32. axb4 Ke6 33. Kd3 e4+
34. Ke3 Ne5 35. f3 Nd3 36. fxe4 Nxb4 37. exd5+ Nxd5+ 1/2-1/2

[Event "4NCL 3 South pool A"]
[Site "Daventry, ENG"]
[Date "2019.02.09"]
[Round "5.24"]
[White "Headlong, Timothy"]
[Black "Wojciechowski, Paul"]
[Result "1/2-1/2"]
[WhiteElo "2132"]
[BlackElo "1913"]
[PlyCount "43"]
[EventDate "2019.02.09"]
[WhiteTeam "Check Innmates 1"]
[BlackTeam "Leeds University Old Boys"]

1. c4 e5 2. g3 c6 3. Bg2 Nf6 4. a3 d5 5. cxd5 cxd5 6. d4 e4 7. Nc3 Nc6 8. Bg5
Be7 9. e3 O-O 10. Nge2 Be6 11. Nf4 Ne8 12. Bxe7 Nxe7 13. Qb3 Nd6 14. O-O Qa5
15. Rfc1 Rac8 16. Bf1 Rc6 17. Na4 Rfc8 18. Rc5 Qc7 19. Rac1 Qd7 20. Rxc6 Rxc6
21. Rxc6 Qxc6 22. Nc3 1/2-1/2

[Event "4NCL 3 South pool A"]
[Site "Daventry, ENG"]
[Date "2019.02.09"]
[Round "5.25"]
[White "Bourne, Iain"]
[Black "Rabbitt, Michael"]
[Result "1-0"]
[WhiteElo "1874"]
[BlackElo "1999"]
[PlyCount "69"]
[EventDate "2019.02.09"]
[WhiteTeam "Leeds University Old Boys"]
[BlackTeam "Check Innmates 1"]

1. d4 d5 2. c4 c6 3. Nc3 Nf6 4. cxd5 cxd5 5. f3 Nc6 6. e4 e6 7. e5 Nd7 8. f4
Nb6 9. Nf3 Be7 10. Bd3 g6 11. O-O h5 12. Qe2 a6 13. Kh1 Kf8 14. Be3 Bd7 15.
Rac1 Rc8 16. Nd2 Na5 17. b3 Nc6 18. Nd1 Ba3 19. Rc2 Nb4 20. Rxc8 Qxc8 21. Nb1
Nxd3 22. Nxa3 Nb4 23. Qd2 Nc6 24. Nf2 Qd8 25. Nd3 Kg7 26. Nc5 Qe7 27. Qb2 Rb8
28. Rc1 Qd8 29. Bd2 Nc8 30. Nc2 $11 Be8 31. a4 Qh4 32. Qc3 a5 33. g3 Qh3 34.
Nd3 h4 35. Nf2 1-0

[Event "4NCL 3 South pool A"]
[Site "Daventry, ENG"]
[Date "2019.02.09"]
[Round "5.26"]
[White "Richmond, Jane"]
[Black "Taylor, Mark V"]
[Result "1/2-1/2"]
[WhiteElo "2066"]
[BlackElo "1899"]
[PlyCount "60"]
[EventDate "2019.02.09"]
[WhiteTeam "Check Innmates 1"]
[BlackTeam "Leeds University Old Boys"]

1. e4 e6 2. d4 d5 3. Nc3 Bb4 4. e5 c5 5. Bd2 Ne7 6. Nf3 cxd4 7. Nb5 Bxd2+ 8.
Qxd2 O-O 9. Bd3 Nbc6 10. O-O a6 11. Nbxd4 Bd7 12. c3 Ng6 13. Rfe1 Nh4 14. Ng5
h6 15. Nh3 Rc8 16. Rad1 f5 17. exf6 Qxf6 18. Qe3 e5 19. Nxc6 bxc6 20. Rf1 Bg4
21. Be2 Bxe2 22. Qxe2 Qg6 23. f4 e4 24. Kh1 Rce8 25. Ng1 e3 26. Rd4 Re4 27. Nf3
Nxf3 28. Rxf3 Rxd4 29. cxd4 Re8 30. f5 Qf6 1/2-1/2

[Event "4NCL 3 South pool A"]
[Site "Daventry, ENG"]
[Date "2019.02.09"]
[Round "5.31"]
[White "Brown, Alan M"]
[Black "Ortiz Sanchez, Luis"]
[Result "1/2-1/2"]
[WhiteElo "2055"]
[BlackElo "1922"]
[PlyCount "98"]
[EventDate "2019.02.09"]
[WhiteTeam "MK Phoenix 1"]
[BlackTeam "Iceni 1"]

1. d4 f5 2. g3 Nf6 3. Bg2 g6 4. c4 Bg7 5. Nc3 O-O 6. e4 Nxe4 7. Nxe4 fxe4 8.
Bxe4 c6 9. Ne2 d5 10. cxd5 cxd5 11. Qb3 e6 12. Bg2 Nc6 13. Be3 Na5 14. Qc2 Bd7
15. Rc1 Rc8 16. Qb1 Qb6 17. O-O Nc4 18. b3 Nxe3 19. fxe3 Bb5 20. Rxf8+ Rxf8 21.
Nf4 Qd6 22. Rc5 Bc6 23. Qc1 Rd8 24. Nd3 Qd7 25. Bh3 Qd6 26. Qc3 Rd7 27. Qc1 Re7
28. Nb4 Rc7 $11 29. Bf1 Bh6 30. Nd3 Bg7 31. Bg2 Bf6 32. b4 a6 33. a3 Kg7 34.
Bf1 Bd8 35. Ne5 Ba4 36. Rxc7+ Qxc7 37. Qxc7+ Bxc7 38. Nd3 Kf6 39. Kf2 e5 40.
Nc5 Bc6 41. a4 exd4 42. exd4 Bb6 43. Ke3 Bxc5 44. b5 axb5 45. axb5 Bxb5 46.
Bxb5 Ba7 47. Ba4 Ke6 48. Kd3 Kd6 49. Be8 Ke7 1/2-1/2

[Event "4NCL 3 South pool A"]
[Site "Daventry, ENG"]
[Date "2019.02.09"]
[Round "5.32"]
[White "Gibbs, Dominic V"]
[Black "Fraser-Mitchell, Jeremy N"]
[Result "1/2-1/2"]
[WhiteElo "1939"]
[BlackElo "2067"]
[PlyCount "98"]
[EventDate "2019.02.09"]
[WhiteTeam "Iceni 1"]
[BlackTeam "MK Phoenix 1"]

1. e4 e6 2. d4 d5 3. Nd2 Nf6 4. e5 Nfd7 5. Ngf3 c5 6. c3 Nc6 7. Bd3 Qb6 8. O-O
g6 9. Re1 Bg7 10. dxc5 Nxc5 11. Nb3 Nxd3 12. Qxd3 O-O 13. h4 Qc7 14. Bf4 Bd7
15. h5 Rac8 16. Nbd2 Na5 17. Nf1 Qc4 18. Qd2 Qc7 19. N1h2 Nc4 20. Qc1 Qb6 21.
b3 Na5 22. Ng4 Qc7 23. b4 Nc4 24. Bh6 f5 25. exf6 Bxf6 26. Bxf8 Rxf8 27. hxg6
Bg7 28. Nh6+ Kh8 29. Nf7+ Kg8 30. Nh6+ Kh8 31. gxh7 Qf4 32. Ng8 Qxc1 33. Raxc1
Kxh7 34. Ne7 Bf6 35. Nxd5 exd5 36. Rcd1 Bg4 37. Rxd5 Rg8 38. Nd4 Nd2 39. Re3 a6
40. f3 Bc8 41. g4 Nc4 42. Re2 b5 43. Rh2+ Kg6 44. g5 Be5 45. Re2 Bf4 46. Nc2
Rh8 47. Rc5 Bd6 48. Rd5 Bf4 49. Rc5 Nd6 1/2-1/2

[Event "4NCL 3 South pool A"]
[Site "Daventry, ENG"]
[Date "2019.02.09"]
[Round "5.33"]
[White "Smith, Graham"]
[Black "Hughes, Roy"]
[Result "1/2-1/2"]
[WhiteElo "2026"]
[BlackElo "1990"]
[PlyCount "57"]
[EventDate "2019.02.09"]
[WhiteTeam "MK Phoenix 1"]
[BlackTeam "Iceni 1"]

1. Nf3 d5 2. d4 e6 3. Bf4 Nf6 4. e3 Bd6 5. Nbd2 O-O 6. Bd3 c5 7. c3 Nc6 8. Ne5
Qe7 9. Bg3 Nd7 10. f4 f5 11. Ndf3 Nf6 12. Bh4 Qe8 13. Qe2 c4 14. Bc2 Ne4 15. h3
Be7 16. Bf2 b5 17. a3 a5 18. g4 Ba6 19. Nxc6 Qxc6 20. Ne5 Qe8 21. gxf5 exf5 22.
Bxe4 dxe4 23. O-O a4 24. Kh2 Bc8 25. Rg1 Ra6 26. Rg2 Rh6 27. Rh1 Be6 28. Kg1
Bf7 29. Bg3 1/2-1/2

[Event "4NCL 3 South pool A"]
[Site "Daventry, ENG"]
[Date "2019.02.09"]
[Round "5.35"]
[White "Lambourne, Dan M"]
[Black "Downham, Alan F"]
[Result "0-1"]
[WhiteElo "1987"]
[BlackElo "1956"]
[PlyCount "80"]
[EventDate "2019.02.09"]
[WhiteTeam "MK Phoenix 1"]
[BlackTeam "Iceni 1"]

1. d4 d5 2. Nf3 c6 3. Bf4 Nf6 4. e3 Bg4 5. Be2 e6 6. Nbd2 Bd6 7. Ne5 Bxe2 8.
Qxe2 Qc7 9. O-O Nbd7 10. Nd3 O-O 11. c3 e5 12. Bg3 Rae8 13. Qd1 exd4 14. Bxd6
Qxd6 15. cxd4 Ne4 16. Nxe4 Rxe4 17. Qf3 f5 18. g3 g5 19. Qg2 Kh8 20. Kh1 Qg6
21. Rae1 Rfe8 22. Rd1 R4e6 23. b4 a6 24. a4 Qh5 25. Nc5 Nxc5 26. bxc5 f4 27.
exf4 gxf4 28. g4 Qg6 29. Qf3 Re4 30. Rg1 Qg7 31. Qc3 Qf6 32. g5 Qf5 33. Qf3 Re2
34. h4 Qe4 35. Kg2 Qf5 36. Rb1 R8e3 37. Qxe2 Rxe2 38. Rxb7 f3+ 39. Kg3 Re4 40.
Rb8+ Kg7 0-1

[Event "4NCL 3 South pool A"]
[Site "Daventry, ENG"]
[Date "2019.02.09"]
[Round "5.36"]
[White "Crombleholme, Alan K"]
[Black "Freeman, Richard C P"]
[Result "0-1"]
[WhiteElo "1966"]
[BlackElo "1995"]
[PlyCount "88"]
[EventDate "2019.02.09"]
[WhiteTeam "Iceni 1"]
[BlackTeam "MK Phoenix 1"]

1. d4 g6 2. Nf3 Bg7 3. Bf4 d6 4. c3 Nd7 5. h3 e5 6. Bh2 Qe7 7. e3 Ngf6 8. Be2
O-O 9. O-O Ne8 10. dxe5 dxe5 11. Nbd2 Nd6 12. Qc2 f5 13. Rad1 Nc5 14. b4 Nce4
15. Nc4 Nf7 16. Ne1 Be6 17. Nd2 Ned6 18. c4 g5 19. c5 Ne8 20. e4 f4 21. Bg4
Bxg4 22. hxg4 h5 23. gxh5 g4 24. Qb3 Qg5 25. Nc2 Qxh5 26. Rfe1 Bf6 27. Nf1 Kg7
28. Rd7 Bd8 29. Qe6 Nf6 30. Rd3 Ng5 31. Qf5 Rh8 32. Kh1 Ngxe4 33. Qxh5 Rxh5 34.
Kg1 Be7 35. f3 g3 36. fxe4 gxh2+ 37. Nxh2 Rah8 38. Nf3 Rh1+ 39. Kf2 Rxe1 40.
Kxe1 Nxe4 41. Nxe5 Bh4+ 42. Ke2 Re8 43. Kf3 Rxe5 44. Kxf4 Kf6 0-1

[Event "4NCL 3 South pool A"]
[Site "Daventry, ENG"]
[Date "2019.02.09"]
[Round "5.41"]
[White "Cooke, Charlie"]
[Black "Walker, Nicholas P"]
[Result "0-1"]
[WhiteElo "1770"]
[BlackElo "2113"]
[PlyCount "60"]
[EventDate "2019.02.09"]
[WhiteTeam "CSC 2"]
[BlackTeam "Cambridge University 2"]

1. d4 Nf6 2. c4 e6 3. Nc3 d5 4. e3 Bb4 5. Bd2 O-O 6. Nf3 Nbd7 7. a3 Bxc3 8.
Bxc3 Ne4 9. Rc1 c6 10. Be2 f5 11. O-O Rf6 12. Ne5 Rh6 13. g3 Qf6 14. Nxd7 Bxd7
15. cxd5 exd5 16. Bf3 Re8 17. Kg2 g5 18. Rh1 f4 19. exf4 Bh3+ 20. Kg1 gxf4 21.
Rc2 Rf8 22. Bxe4 dxe4 23. f3 fxg3 24. hxg3 Qg5 25. Rhh2 Rxf3 26. Rxh3 Rxh3 27.
Rg2 Rhxg3 28. Qb3+ Qd5 29. Qxb7 Rxg2+ 30. Kxg2 Qg5+ 0-1

[Event "4NCL 3 South pool A"]
[Site "Daventry, ENG"]
[Date "2019.02.09"]
[Round "5.42"]
[White "Starley, Robert"]
[Black "Saidmurodov, Shahjahon"]
[Result "1/2-1/2"]
[WhiteElo "2062"]
[BlackElo "1728"]
[PlyCount "115"]
[EventDate "2019.02.09"]
[WhiteTeam "Cambridge University 2"]
[BlackTeam "CSC 2"]

1. e4 e5 2. Nf3 Nc6 3. Bb5 Nf6 4. O-O Nxe4 5. d4 Nd6 6. Bxc6 dxc6 7. dxe5 Nf5
8. Qxd8+ Kxd8 9. Bg5+ Ke8 10. Nc3 h6 11. Bd2 g5 12. Ne4 Be7 13. h3 c5 14. Bc3
Rg8 15. Rad1 g4 16. hxg4 Rxg4 17. Rfe1 Be6 18. b3 Rd8 19. Rxd8+ Kxd8 20. Nh2
Rg6 21. Rd1+ Kc8 22. Rd2 h5 23. Nf1 h4 24. f3 h3 25. g4 Nh4 26. Nh2 Nxf3+ 27.
Nxf3 Rxg4+ 28. Kh2 Rxe4 29. Rf2 c4 30. Nd2 Re3 31. Bd4 Re1 32. Nxc4 Bd5 33.
Kxh3 Rg1 34. Ne3 Rh1+ 35. Rh2 Rxh2+ 36. Kxh2 Be4 37. c4 Bg5 38. Nd5 c6 39. Nc3
Bf4+ 40. Kh3 Bf3 41. Na4 b6 42. Nb2 c5 43. Nd3 cxd4 44. Nxf4 Be4 45. Kg3 Bb1
46. Kf3 Bxa2 47. Ke4 Bxb3 48. Kxd4 Kd7 49. Kc3 Bd1 50. c5 bxc5 51. Kc4 Kc6 52.
e6 fxe6 53. Nxe6 Be2+ 54. Kc3 c4 55. Nd4+ Kc5 56. Nxe2 a5 57. Nd4 a4 58. Nc2
1/2-1/2

[Event "4NCL 3 South pool A"]
[Site "Daventry, ENG"]
[Date "2019.02.09"]
[Round "5.43"]
[White "Grey, Nicholas D"]
[Black "Chan, Nevil"]
[Result "0-1"]
[WhiteElo "1701"]
[BlackElo "2002"]
[PlyCount "80"]
[EventDate "2019.02.09"]
[WhiteTeam "CSC 2"]
[BlackTeam "Cambridge University 2"]

1. e4 b6 2. d4 Bb7 3. Bd3 Nf6 4. Nd2 e6 5. Ngf3 c5 6. c3 Nc6 7. O-O cxd4 8.
cxd4 Nb4 9. Bb1 Ba6 10. Re1 Nd3 11. Re3 Nxc1 12. Qxc1 Rc8 13. Rc3 Be7 14. Bd3
Rxc3 15. Qxc3 Bxd3 16. Qxd3 Qc8 17. Nb3 O-O 18. Rc1 Qb7 19. Nfd2 Rc8 20. Rxc8+
Qxc8 21. f3 d5 22. e5 Nd7 23. f4 g6 24. g4 Nb8 25. Nf1 Qc4 26. Qxc4 dxc4 27.
Nbd2 b5 28. a4 c3 29. bxc3 bxa4 30. Ne3 Nc6 31. Nec4 a3 32. Nb3 a2 33. Na1 Bd8
34. Kf2 Na5 35. Nd2 Be7 36. Ke3 Ba3 37. Kd3 Bb2 38. Ndb3 Nxb3 39. Nxb3 a1=Q 40.
Nxa1 Bxa1 0-1

[Event "4NCL 3 South pool A"]
[Site "Daventry, ENG"]
[Date "2019.02.09"]
[Round "5.44"]
[White "Gooding, Ian"]
[Black "Cresswell, Mike J"]
[Result "1-0"]
[WhiteElo "1978"]
[BlackElo "1702"]
[PlyCount "77"]
[EventDate "2019.02.09"]
[WhiteTeam "Cambridge University 2"]
[BlackTeam "CSC 2"]

1. e4 Nf6 2. e5 Nd5 3. d4 d6 4. c4 Nb6 5. exd6 exd6 6. Nc3 N8d7 7. Nf3 Nf6 8.
Be2 Be7 9. O-O h6 10. Qc2 O-O 11. h3 Re8 12. Be3 c6 13. Rad1 Be6 14. b3 Rc8 15.
Rfe1 Bf8 16. Bd3 d5 17. Ne5 Rc7 18. f4 Rce7 19. Qf2 Bc8 20. Qh4 Nbd7 21. Kh1
Qa5 22. Bd2 Qc7 23. g4 g6 24. cxd5 cxd5 25. Nxd7 Rxe1+ 26. Rxe1 Rxe1+ 27. Bxe1
Nxd7 28. Nxd5 Qc1 29. Qf2 Bg7 30. Kh2 Nb6 31. Bd2 Qb2 32. Ne7+ Kh7 33. Be3 Qa3
34. Nxc8 Nxc8 35. Kg3 Bf8 36. f5 g5 37. f6+ Kg8 38. Qf5 Nd6 39. Qh7# 1-0

[Event "4NCL 3 South pool A"]
[Site "Daventry, ENG"]
[Date "2019.02.09"]
[Round "5.45"]
[White "John, Joshua"]
[Black "Webster, Peter A N"]
[Result "1/2-1/2"]
[WhiteElo "1617"]
[BlackElo "1893"]
[PlyCount "41"]
[EventDate "2019.02.09"]
[WhiteTeam "CSC 2"]
[BlackTeam "Cambridge University 2"]

1. d4 e6 2. Nf3 Nf6 3. Bg5 c5 4. e3 Qb6 5. Qc1 Nc6 6. c3 d5 7. Nbd2 Bd7 8. Bd3
Rc8 9. Qb1 cxd4 10. exd4 Bd6 11. O-O h6 12. Bh4 Nh5 13. Re1 g5 14. Bg3 Nxg3 15.
hxg3 g4 16. Nh4 Kd8 17. Nb3 Kc7 18. Qd1 Rcg8 19. c4 dxc4 20. Bxc4 Kb8 21. Kf1
1/2-1/2

[Event "4NCL 3 South pool A"]
[Site "Daventry, ENG"]
[Date "2019.02.09"]
[Round "5.46"]
[White "Lim, Mark"]
[Black "Kan, Toby"]
[Result "1-0"]
[WhiteElo "1802"]
[BlackElo "1560"]
[PlyCount "71"]
[EventDate "2019.02.09"]
[WhiteTeam "Cambridge University 2"]
[BlackTeam "CSC 2"]

1. d4 Nf6 2. Nf3 g6 3. Bg5 Bg7 4. Nbd2 d5 5. e3 O-O 6. Bd3 Nbd7 7. O-O Qe8 8.
Bf4 Qd8 9. h3 c5 10. c3 Qb6 11. Rb1 Re8 12. b4 c4 13. Bc2 Nh5 14. Bh2 Bf6 15.
g4 Qe6 16. e4 Bh8 17. exd5 Qxd5 18. Be4 Qe6 19. d5 Qb6 20. gxh5 Bxc3 21. hxg6
hxg6 22. Nxc4 Qb5 23. Ne3 Nf6 24. Qd3 Qxd3 25. Bxd3 Bxh3 26. Rfc1 Rac8 27. Ng5
Bd7 28. Nf3 Ba4 29. a3 Red8 30. Bc2 Bb5 31. a4 Be2 32. Bd1 Bd3 33. Rb3 Ne4 34.
Bc2 Bd2 35. Nxd2 Nxd2 36. Rxd3 1-0

[Event "4NCL 3 South pool A"]
[Site "Daventry, ENG"]
[Date "2019.02.10"]
[Round "6.11"]
[White "Martin, Lewis"]
[Black "Tukpetov, Evgeny"]
[Result "1-0"]
[WhiteElo "2178"]
[BlackElo "2181"]
[PlyCount "71"]
[EventDate "2019.02.10"]
[WhiteTeam "Check Innmates 1"]
[BlackTeam "Kings Head"]

1. e4 Nc6 2. Nf3 d6 3. d4 Nf6 4. Nbd2 Bg4 5. c3 e6 6. Bd3 Be7 7. O-O O-O 8. Re1
Bh5 9. Nf1 Bg6 10. Ng3 d5 11. e5 Nd7 12. Bxg6 hxg6 13. Qd3 Na5 14. Re2 c5 15.
Be3 c4 16. Qc2 b5 17. Rf1 b4 18. Ne1 b3 19. Qb1 bxa2 20. Qxa2 Nb3 21. f4 a5 22.
Ref2 a4 23. Nc2 a3 24. bxa3 Qa5 25. Ne2 Bxa3 26. g4 Be7 27. Qb1 Qa2 28. Qd1 Qb2
29. f5 Ra2 30. Nf4 Qxc3 31. fxe6 fxe6 32. Nxg6 Re8 33. Qf3 Rxc2 34. Qf7+ Kh7
35. Qxe8 Qxe3 36. Qh8+ 1-0

[Event "4NCL 3 South pool A"]
[Site "Daventry, ENG"]
[Date "2019.02.10"]
[Round "6.12"]
[White "McMichael, Richard J"]
[Black "Richmond, Peter"]
[Result "1-0"]
[WhiteElo "2169"]
[BlackElo "2083"]
[PlyCount "65"]
[EventDate "2019.02.10"]
[WhiteTeam "Kings Head"]
[BlackTeam "Check Innmates 1"]

1. b3 e5 2. Bb2 d6 3. e3 Nf6 4. c4 g6 5. Nf3 Bg7 6. d4 exd4 7. Nxd4 O-O 8. Nc3
Re8 9. Be2 Nbd7 10. O-O Nc5 11. Bf3 a5 12. Re1 Nfe4 13. Qc2 f5 14. Rad1 Nxc3
15. Bxc3 Ne4 16. Bxe4 Rxe4 17. Ne2 Bxc3 18. Nxc3 Re5 19. f4 Re6 20. e4 fxe4 21.
Rxe4 Rxe4 22. Qxe4 c6 23. Qe5 Qb6+ 24. Qd4 Qxd4+ 25. Rxd4 Bf5 26. Rxd6 Kf7 27.
Kf2 Ke7 28. c5 Bd7 29. Na4 Rf8 30. Ke3 b5 31. Nb6 Be8 32. Nc8+ Kf7 33. Rd8 1-0

[Event "4NCL 3 South pool A"]
[Site "Daventry, ENG"]
[Date "2019.02.10"]
[Round "6.13"]
[White "Headlong, Timothy"]
[Black "Okike, David"]
[Result "1/2-1/2"]
[WhiteElo "2132"]
[BlackElo "2169"]
[PlyCount "85"]
[EventDate "2019.02.10"]
[WhiteTeam "Check Innmates 1"]
[BlackTeam "Kings Head"]

1. Nf3 d5 2. c4 c6 3. d4 Nf6 4. Nc3 e6 5. e3 Bd6 6. Qc2 Nbd7 7. Be2 a6 8. a3
O-O 9. e4 dxe4 10. Nxe4 Be7 11. Nc3 Qc7 12. O-O e5 13. Re1 exd4 14. Nxd4 Bd6
15. h3 a5 16. Be3 Re8 17. Rad1 Nc5 18. Ndb5 cxb5 19. Nxb5 Bh2+ 20. Kh1 Qe5 21.
Bd4 Bf5 22. Qd2 Bf4 23. Qc3 Nce4 24. Bxe5 Nxc3 25. Bxc3 Bc2 26. Ra1 Ne4 27. Bd4
Bd2 28. Rf1 Rad8 29. Bf3 Bd3 30. Rfd1 Bxc4 31. Bxe4 Rxe4 32. Rxd2 Bxb5 33. Be3
Rxd2 34. Bxd2 Re2 35. Bxa5 Rxf2 36. Rd1 h6 37. Rd2 Rf5 38. Bc3 Bc6 39. Kg1 f6
40. Rf2 Rg5 41. Bd2 Rd5 42. Bc3 Rg5 43. Bd2 1/2-1/2

[Event "4NCL 3 South pool A"]
[Site "Daventry, ENG"]
[Date "2019.02.10"]
[Round "6.14"]
[White "Lewis, Alex"]
[Black "Onley, David E"]
[Result "0-1"]
[WhiteElo "2154"]
[BlackElo "2100"]
[PlyCount "60"]
[EventDate "2019.02.10"]
[WhiteTeam "Kings Head"]
[BlackTeam "Check Innmates 1"]

1. e4 c5 2. Nf3 e6 3. d3 b5 4. g3 Bb7 5. Bg2 d6 6. O-O Nf6 7. Nc3 b4 8. Ne2 Be7
9. Nd2 d5 10. Nf4 O-O 11. Re1 Na6 12. e5 Nd7 13. h4 Nc7 14. Qh5 Nb5 15. Nf3 Rc8
16. Bh3 Re8 17. Ng5 Bxg5 18. hxg5 Nd4 19. Qd1 Nc6 20. Bg2 Ncxe5 21. c4 bxc3 22.
bxc3 Ng6 23. Rb1 Ba8 24. Nxg6 hxg6 25. Qa4 Bb7 26. Qh4 Qa5 27. d4 cxd4 28. Qxd4
Qxa2 29. Bf4 e5 30. Bxe5 Rxe5 0-1

[Event "4NCL 3 South pool A"]
[Site "Daventry, ENG"]
[Date "2019.02.10"]
[Round "6.15"]
[White "Hackett, Dave G"]
[Black "Gilfillan, Andrew"]
[Result "1/2-1/2"]
[WhiteElo "2075"]
[BlackElo "2095"]
[PlyCount "35"]
[EventDate "2019.02.10"]
[WhiteTeam "Check Innmates 1"]
[BlackTeam "Kings Head"]

1. e4 c5 2. Nc3 g6 3. g3 Bg7 4. Bg2 Nc6 5. d3 d6 6. f4 e6 7. Nf3 Nge7 8. O-O
O-O 9. Be3 b6 10. g4 d5 11. Bf2 dxe4 12. Nxe4 Nd5 13. Qd2 f5 14. gxf5 exf5 15.
Nc3 Nxc3 16. bxc3 Bb7 17. Rae1 Qd7 18. Bg3 1/2-1/2

[Event "4NCL 3 South pool A"]
[Site "Daventry, ENG"]
[Date "2019.02.10"]
[Round "6.16"]
[White "Disu, Kayode"]
[Black "Richmond, Jane"]
[Result "0-1"]
[WhiteElo "1982"]
[BlackElo "2066"]
[PlyCount "58"]
[EventDate "2019.02.10"]
[WhiteTeam "Kings Head"]
[BlackTeam "Check Innmates 1"]

1. Nc3 e5 2. e4 Nf6 3. f4 d5 4. fxe5 Nxe4 5. Qf3 f5 6. d3 Nxc3 7. bxc3 c5 8. d4
Nc6 9. Bb5 cxd4 10. Bxc6+ bxc6 11. Ne2 dxc3 12. Qxc3 Qb6 13. Qg3 Ba6 14. Qg5
Bxe2 15. Kxe2 Qd4 16. Qxf5 Be7 17. Qe6 Qe4+ 18. Kd1 Rf8 19. Ba3 Qd4+ 20. Ke1
Qc3+ 21. Kd1 Qxa3 22. Qxc6+ Kf7 23. Qxd5+ Kg6 24. Qe6+ Kh5 25. Rb1 Bg5 26. Qh3+
Qxh3 27. gxh3 Rad8+ 28. Ke2 Rd2+ 29. Ke1 Rff2 0-1

[Event "4NCL 3 South pool A"]
[Site "Daventry, ENG"]
[Date "2019.02.10"]
[Round "6.21"]
[White "Walker, Nicholas P"]
[Black "Tippleston, Charles E"]
[Result "1-0"]
[WhiteElo "2113"]
[BlackElo "2095"]
[PlyCount "119"]
[EventDate "2019.02.10"]
[WhiteTeam "Cambridge University 2"]
[BlackTeam "MK Phoenix 1"]

1. Nf3 Nf6 2. d4 e6 3. c4 b6 4. g3 Bb7 5. Bg2 Be7 6. Nc3 Ne4 7. O-O O-O 8. Qc2
Nxc3 9. Qxc3 f5 10. Rd1 Bf6 11. Bf4 Re8 12. Be5 d6 13. Bxf6 Qxf6 14. b4 Be4 15.
Nd2 Bxg2 16. Kxg2 Nc6 17. Nb3 e5 18. d5 Ne7 19. a4 f4 20. a5 Rf8 21. Rf1 Qg6
22. Nd2 Nf5 23. axb6 cxb6 24. Kh1 fxg3 25. fxg3 h5 26. c5 bxc5 27. bxc5 dxc5
28. Qxc5 h4 29. gxh4 Qh6 30. Nf3 e4 31. Ng5 Qxh4 32. Qg1 Qh6 33. Nxe4 Rae8 34.
Ng3 Nxg3+ 35. Qxg3 Rxe2 36. Rxf8+ Kxf8 37. Qb8+ Kf7 38. Rxa7+ Re7 39. Rxe7+
Kxe7 40. Qe5+ Kd7 41. Kg2 Qg6+ 42. Kf3 Qh6 43. Kg4 Qg6+ 44. Kf3 Qh6 45. Qf5+
Kd6 46. h3 Qd2 47. Qe6+ Kc7 48. Qc6+ Kd8 49. Qd6+ Ke8 50. Qe6+ Kf8 51. Qd6+ Ke8
52. Qe5+ Kd8 53. h4 Qd1+ 54. Kf4 Qd2+ 55. Kf5 Qd3+ 56. Kg5 Qd2+ 57. Kg6 Qh6+
58. Kf7 Kc8 59. Qe6+ Kd8 60. Qxh6 1-0

[Event "4NCL 3 South pool A"]
[Site "Daventry, ENG"]
[Date "2019.02.10"]
[Round "6.22"]
[White "Fraser-Mitchell, Jeremy N"]
[Black "Starley, Robert"]
[Result "1-0"]
[WhiteElo "2067"]
[BlackElo "2062"]
[PlyCount "53"]
[EventDate "2019.02.10"]
[WhiteTeam "MK Phoenix 1"]
[BlackTeam "Cambridge University 2"]

1. d4 e6 2. c4 Nf6 3. Nc3 Bb4 4. f3 d5 5. a3 Bxc3+ 6. bxc3 c5 7. cxd5 Nxd5 8.
dxc5 Qa5 9. e4 Ne7 10. Be3 Qxc3+ 11. Kf2 Nbc6 12. Ne2 Qf6 13. Rb1 O-O 14. Qc1
Ne5 15. Nf4 Ng4+ 16. fxg4 g5 17. Kg1 gxf4 18. Bxf4 e5 19. Bg5 Qe6 20. Bc4 Qd7
21. h3 Nc6 22. Kh2 Qd4 23. Bd5 Be6 24. Rd1 Qa4 25. Bf6 Rfd8 26. Qh6 Bxd5 27.
Qg7# 1-0

[Event "4NCL 3 South pool A"]
[Site "Daventry, ENG"]
[Date "2019.02.10"]
[Round "6.23"]
[White "Chan, Nevil"]
[Black "Brown, Alan M"]
[Result "1-0"]
[WhiteElo "2002"]
[BlackElo "2055"]
[PlyCount "95"]
[EventDate "2019.02.10"]
[WhiteTeam "Cambridge University 2"]
[BlackTeam "MK Phoenix 1"]

1. d4 d5 2. Nc3 Nf6 3. Bg5 Nbd7 4. Nf3 e6 5. e3 Be7 6. Bd3 c5 7. O-O O-O 8. Ne5
h6 9. Bh4 Nxe5 10. dxe5 Nd7 11. Bxe7 Qxe7 12. f4 f6 13. Qh5 Rd8 14. Nb5 Nf8 15.
Nd6 Bd7 16. Rf3 Be8 17. Nxe8 Rxe8 18. c3 Qf7 19. Qxf7+ Kxf7 20. exf6 Kxf6 21.
e4 Rad8 22. Re1 Kf7 23. exd5 exd5 24. Rfe3 Rxe3 25. Rxe3 Nd7 26. Kf2 Nf6 27.
Kf3 Rd7 28. Re5 b6 29. g4 Re7 30. Rxe7+ Kxe7 31. g5 hxg5 32. fxg5 Nd7 33. Kf4
Kd6 34. h4 Ne5 35. Bf5 d4 36. cxd4 cxd4 37. h5 d3 38. h6 d2 39. Bc2 gxh6 40.
gxh6 Ke6 41. h7 Nf7 42. Ke3 Ke5 43. Kxd2 Kd4 44. Bg6 Nh8 45. Bh5 b5 46. Kc2 a5
47. Kb3 Kd3 48. Be8 1-0

[Event "4NCL 3 South pool A"]
[Site "Daventry, ENG"]
[Date "2019.02.10"]
[Round "6.24"]
[White "Habershon, Paul F"]
[Black "Gooding, Ian"]
[Result "0-1"]
[WhiteElo "2040"]
[BlackElo "1978"]
[PlyCount "68"]
[EventDate "2019.02.10"]
[WhiteTeam "MK Phoenix 1"]
[BlackTeam "Cambridge University 2"]

1. e4 e6 2. d3 d5 3. Nd2 Nf6 4. Ngf3 Bc5 5. d4 Be7 6. Bd3 c5 7. e5 Nfd7 8. c3
Nc6 9. O-O g5 10. h3 h5 11. g4 hxg4 12. hxg4 Qb6 13. c4 Nb4 14. Bb1 cxd4 15. a3
Nc6 16. Re1 Ncxe5 17. Nxe5 Nxe5 18. Rxe5 Qd6 19. Nf3 Rh3 20. Re1 e5 21. Nxg5
Rh4 22. Bf5 Bxf5 23. gxf5 O-O-O 24. Kf1 Qf6 25. Qf3 dxc4 26. Ne4 Qc6 27. f6 Bd6
28. Bg5 Rh2 29. Rac1 Rdh8 30. Kg1 Kb8 31. Nd2 Rh1+ 32. Kg2 R1h2+ 33. Kg1 Rh1+
34. Kg2 R8h2+ 0-1

[Event "4NCL 3 South pool A"]
[Site "Daventry, ENG"]
[Date "2019.02.10"]
[Round "6.25"]
[White "Webster, Peter A N"]
[Black "Smith, Graham"]
[Result "1/2-1/2"]
[WhiteElo "1893"]
[BlackElo "2026"]
[PlyCount "40"]
[EventDate "2019.02.10"]
[WhiteTeam "Cambridge University 2"]
[BlackTeam "MK Phoenix 1"]

1. e4 c5 2. c3 Nf6 3. e5 Nd5 4. d4 cxd4 5. Nf3 e6 6. cxd4 d6 7. Nc3 Nxc3 8.
bxc3 Qc7 9. Rb1 Bd7 10. c4 Nc6 11. Be2 dxe5 12. dxe5 Bc5 13. O-O O-O 14. Re1
Rad8 15. Bg5 Ne7 16. Qb3 Bc6 17. Rbd1 h6 18. Be3 Bxe3 19. Qxe3 b6 20. Nd4 Ba4
1/2-1/2